000 00264nam a22001217a 4500
082 _a294.59218 LOK
100 _aLokeswarananda
245 _aMundaka Upanisad
260 _aKolkata
_bRamakrisna Mission
_c1994
300 _a139
650 _aUpanisad
942 _cBK
999 _c20004
_d20004